Kostel svaté Anny, svatého Vavřince a klášter dominikánek ve Starém Městě pražském /

Hlavní autor: Procházka, Václav, 1922-2009
Korporativní autor: Univerzita Karlova. Filozofická fakulta
Jazyk: Čeština
Vydáno: [Praha : Filosofická fakulta University Karlovy, 1949]
Fyzický popis: 135 s.
Knihy
Uloženo v:
LEADER 00783nam a2200205 a 4500
001 000643299
003 CZ BrMZK
005 20030106071154.0
007 ta
008 021219s1949 xr f cze d
040 |a BOA001  |b cze  |c BOA001 
100 1 |a Procházka, Václav,  |d 1922-2009  |7 jk01101221  |4 dis 
245 1 0 |a Kostel svaté Anny, svatého Vavřince a klášter dominikánek ve Starém Městě pražském /  |c Václav Procházka 
260 |a [Praha :  |b Filosofická fakulta University Karlovy,  |c 1949] 
300 |a 135 s. 
502 |a Disertace -- Univerzita Karlova, 1949 
710 2 |a Univerzita Karlova.  |b Filozofická fakulta  |7 kn20010710340 
910 |a BOA001  |b 4-0237.369 
990 |a BK 
996 6 |b BC-68387  |c 4-0237.369  |l MZK  |r Sklad / do 24 hodin  |n 0  |w 000643299  |u 000010  |a 1  |e BOA001  |j MZK50  |s P